00474nam a2200157Ia 450000500170000000800410001708200130005810000190007124500160009026000410010630000130014750000400016094200060020095200950020699900150030120250704014719.0240331s9999 xx 000 0 und d bABHa920 aAbhayapala,H.W 0aKombakaduwa aColombobMercury Print Companyc1994 a172 p ., aA book of Death Deal of Kombakaduwa cL 001040708LaWERCLbWERCLcSSCd2024-03-31l0o 920 ABHp5221r2024-03-31w2024-03-31yL c5279d5279